Normal view
MARC view
Entry Topical Term
001 - CONTROL NUMBER
- control field: 11775
003 - CONTROL NUMBER IDENTIFIER
- control field: BD-RjUL
005 - DATE AND TIME OF LATEST TRANSACTION
- control field: 20240213185505.0
008 - FIXED-LENGTH DATA ELEMENTS
- fixed length control field: 240213|| aca||aabn | a|a d
040 ## - CATALOGING SOURCE
- Original cataloging agency: BD-RjUL
- Transcribing agency: BD-RjUL
150 ## - HEADING--TOPICAL TERM
- Topical term or geographic name entry element: Textiles
- Form subdivision: Environmental
670 ## - SOURCE DATA FOUND
- Source citation: Work cat.: (BD-RjUL)83097: Khatun, Most. Halima 11774, Application of natural dyes on textiles and their environmental sustainability /, 2022